Countries with the most LGBTQ peoples - Statistics

General Stats
  • This quiz has been taken 476 times
  • The average score is 22 of 30
Answer Stats
Percent Country % Correct
9 United States
97%
9 France
91%
9 Canada
90%
11 United Kingdom
90%
12 Spain
89%
9 Germany
86%
14 Brazil
85%
7 Italy
83%
10 Australia
82%
6 Portugal
81%
7 Sweden
81%
4 Japan
80%
8 Mexico
80%
11 Netherlands
80%
8 Belgium
77%
8 Argentina
75%
10 New Zealand
71%
5 Ireland
68%
5 Poland
66%
6 South Korea
66%
9 Switzerland
65%
10 Colombia
64%
8 Thailand
64%
8 Chile
63%
4 Peru
59%
7 South Africa
59%
8 Turkey
47%
6 Hungary
45%
7 Romania
42%
7 Singapore
29%
No matching quizzes found
Score Distribution
Percent of People with Each Score
Percentile by Number Answered
Your Score History
You have not taken this quiz